| 000 | 00838nam a2200265 i 4500 | ||
|---|---|---|---|
| 001 | 18433 | ||
| 003 | ES-MaACL | ||
| 005 | 20250826053751.0 | ||
| 007 | t| | ||
| 008 | 011107s2001 sp ||||0| spa j | ||
| 020 | _a84-8164-466-8 | ||
| 040 |
_aM-BN _bspa _cM-BN |
||
| 080 | _a165.74 | ||
| 245 | 0 | 3 |
_aEl retorno del pragmatismo / _cedición de Luis Arenas, Jacobo Muñoz y Angeles J. Perona. |
| 260 |
_aMadrid : _bTrotta, _c[2001] |
||
| 300 |
_a369 p ; _c23 cm. |
||
| 490 | 1 | _aColección Estructuras y procesos. Serie Filosofía | |
| 650 | 1 | 7 |
_aPragmatismo _2embne _916336 |
| 700 | 1 |
_aArenas, Luis. _922599 |
|
| 700 | 1 |
_aMuñoz, Jacobo. _9137824 |
|
| 700 | 1 |
_aPerona, Angeles J. _991320 |
|
| 830 | 0 | 0 |
_aEstructuras y procesos. _pFilosofía _9183056 |
| 852 |
_aES-MaACL _jL-25055 _bR.130644 |
||
| 999 |
_c18433 _d18433 |
||